| 000 | 00861nam a2200277Ia 4500 | ||
|---|---|---|---|
| 001 | Para_7700 | ||
| 003 | CHAP | ||
| 008 | 220125s9999 xx 000 0 und d | ||
| 010 | _a206719 | ||
| 040 | _cCHAP | ||
| 082 | _aPA-C 595.77 D5 | ||
| 100 |
_aTownsend, Charles H.Tyler _9173024 |
||
| 245 |
_aDíagnoses of new genera of muscoid flies founded on old species / _c by Charles H.T. Townsend |
||
| 300 | _a17 p. | ||
| 440 |
_aDíptera; 4 _9164251 |
||
| 500 | _aSobretiro de: Proceedings U.S. National Museum 49 (2128): 617-633 Encuadernado con otros impresos similares | ||
| 650 |
_aDípteros _x colecciones de escritos _933718 |
||
| 650 |
_aMoscas _978995 |
||
| 901 | _aPA-C 595.77 D5 | ||
| 902 | _aA | ||
| 905 | _a000000 0000000000 00 | ||
| 910 | _a | ||
| 942 | _cPARA | ||
| 942 |
_cPARA _d1 |
||
| 999 |
_c206719 _d206719 |
||